000 00539nam a2200205 a 4500
001 13855
003 CO-ViMGA
008 141112s2004 ck r 000 u spa d
020 _a8425507006
040 _aCO-ViMGA
_bspa
_cCO-ViMGA
082 0 4 _a794.1 E883a
100 1 _aEuwe, M; Meiden, W.
_920198
245 1 0 _aAjedrez :
_bmaestro contra Amateur
260 _aBarcelona :
_bHispano Euripea,
_c1998
300 _a363
490 _aJaque Mate
590 _aForma de adquisición : compra
650 1 4 _aAJEDREZ
_920199
942 _2ddc
_cBK
999 _c24557
_d24557